[Event "12. Lichtenberger Sommer"]
[Site "Berlin"]
[Date "2013.08.19"]
[Round "3.108"]
[White "Scholta, Danilo"]
[Black "Stiemerling, Karl-Heinz"]
[Result "1-0"]
[WhiteElo "1584"]
[BlackElo "1609"]
[PlyCount "127"]
[EventDate "2013.??.??"]
[WhiteTeam "SV Empor Berlin e.V."]
[BlackTeam "SG Eckturm"]

1. e4 c5 2. d4 cxd4 3. c3 e5 4. Nf3 Nc6 5. Bc4 h6 6. O-O Nf6 7. cxd4 d6 8. dxe5
Nxe4 9. Qd5 Be6 10. Qxe4 d5 11. Qe2 dxc4 12. Rd1 Qb6 13. Nc3 Bb4 14. Be3 Qa5
15. Bd2 Rd8 16. a3 Bxc3 17. Bxc3 Rxd1+ 18. Rxd1 Qc7 19. Nd4 Nxd4 20. Rxd4 b5
21. Bb4 a5 22. Bd6 Qc6 23. Qd2 Qb6 24. Bc5 Qc7 25. Bd6 Qb6 26. Qd1 h5 27. Qf3
Qa7 28. Qc6+ Bd7 29. Qd5 Rh6 30. Bc5 Qc7 31. Bd6 Qc6 32. f4 Qxd5 33. Rxd5 Bc6
34. Rd1 f5 35. Bc7 a4 36. Rd8+ Ke7 37. Rg8 Rg6 38. g3 Be8 39. Bd6+ Kd7 40. Bf8
Bf7 41. Rxg7 Rxg7 42. Bxg7 Ke6 43. Bf8 Kd5 44. Bb4 Ke4 45. Kf2 Kd3 46. Bc3 Bd5
47. Ke1 Ke3 48. Kf1 Kf3 49. Bd2 Kg4 50. Kg1 Kf3 51. Kf1 h4 52. gxh4 Kg4 53. h5
Kxh5 54. Kf2 Kg4 55. Ke3 Kh3 56. Kd4 Be6 57. Kc5 c3 58. Bxc3 Bc4 59. Kd6 Kxh2
60. e6 Kg3 61. Be5 Kf3 62. e7 Bf7 63. Kc7 Ke4 64. Kd8 1-0

[Event "12. Lichtenberger Sommer"]
[Site "Berlin"]
[Date "2013.08.19"]
[Round "3.110"]
[White "Tschirschwitz, Stephan"]
[Black "Lippianowski, Stefan"]
[Result "1-0"]
[WhiteElo "1570"]
[BlackElo "1245"]
[PlyCount "47"]
[EventDate "2013.??.??"]
[WhiteTeam "SG Lasker Steglitz-Wilmersdorf"]
[BlackTeam "Treptower SV 1949 e.V."]

1. d4 d5 2. c4 Nf6 3. cxd5 Bf5 4. Nc3 Nxd5 5. Nxd5 Qxd5 6. f3 Qd6 7. e4 Bd7 8.
a3 e5 9. Be3 Be7 10. Ne2 O-O 11. Nc3 f5 12. Bc4+ Kh8 13. dxe5 Qc6 14. Qd5 f4
15. Bf2 Be6 16. Qxe6 Qxe6 17. Bxe6 Nc6 18. Nd5 Nxe5 19. Nxe7 Nd3+ 20. Ke2 Nxb2
21. Nd5 c6 22. Nc7 Rad8 23. Bc5 Rf6 24. Be7 1-0

[Event "12. Lichtenberger Sommer"]
[Site "Berlin"]
[Date "2013.08.19"]
[Round "3.111"]
[White "Schweitzer, Paul"]
[Black "Abraham, Helmut"]
[Result "1-0"]
[WhiteElo "1724"]
[BlackElo "1597"]
[PlyCount "69"]
[EventDate "2013.??.??"]
[WhiteTeam "SV Königsjäger Süd-West e.V."]
[BlackTeam "SC Kreuzberg e.V."]

1. Nf3 g6 2. d4 Nf6 3. c3 Bg7 4. Bg5 d6 5. Nbd2 Nbd7 6. e3 c6 7. Be2 Qc7 8. a4
a5 9. c4 b6 10. Rc1 Bb7 11. c5 bxc5 12. dxc5 Nxc5 13. Nd4 O-O 14. h4 h6 15.
Bxf6 Bxf6 16. h5 g5 17. Bc4 e6 18. Qf3 Bg7 19. Be2 Bxd4 20. exd4 Nxa4 21. Qf6
Ba6 22. Nc4 Nb6 23. Qxh6 f6 24. Qg6+ Kh8 25. h6 Bxc4 26. Bxc4 Nxc4 27. Rxc4
Rab8 28. Rxc6 Qe7 29. O-O Rg8 30. Qc2 Qf8 31. Re1 e5 32. dxe5 dxe5 33. Qf5 Qxh6
34. Rxf6 Qg7 35. Qh3+ 1-0

[Event "12. Lichtenberger Sommer"]
[Site "Berlin"]
[Date "2013.08.19"]
[Round "3.112"]
[White "Stark, Steven"]
[Black "Becker, Uwe"]
[Result "0-1"]
[WhiteElo "1529"]
[BlackElo "1808"]
[PlyCount "134"]
[EventDate "2013.??.??"]
[WhiteTeam "BSC Rehberge 1945 e.V."]
[BlackTeam "SV Glück auf Rüdersdorf e.V."]

1. d4 d6 2. c3 Bf5 3. Bd2 Nf6 4. h3 e6 5. Bg5 Be7 6. Bxf6 Bxf6 7. Qb3 Qc8 8.
Nd2 d5 9. e3 O-O 10. Be2 h6 11. Ngf3 Nd7 12. g3 c5 13. Nh4 Bh7 14. Nhf3 c4 15.
Qd1 b5 16. a3 a5 17. h4 Qc7 18. Rg1 Be7 19. Nh2 Bxh4 20. gxh4 Qxh2 21. Nf3 Qd6
22. Qd2 b4 23. a4 bxc3 24. bxc3 Kh8 25. e4 Bxe4 26. Ng5 Bf5 27. Nf3 Rab8 28.
Bd1 Rb7 29. Ne5 Nxe5 30. dxe5 Qxe5+ 31. Qe3 Qxe3+ 32. fxe3 Rb2 33. Be2 Rfb8 34.
Kf2 Bd3 35. Rge1 R8b3 36. Rac1 Rd2 37. Kf3 Bxe2+ 38. Rxe2 Rxe2 39. Kxe2 Ra3 40.
e4 Rxa4 41. exd5 exd5 42. Ke3 Ra2 43. Rd1 Rh2 44. Rxd5 Rxh4 45. Rxa5 Rg4 46.
Kf3 Rh4 47. Ke3 g5 48. Rd5 Kg7 49. Rd4 Rxd4 50. cxd4 Kf6 51. Ke4 Ke6 52. d5+
Kd6 53. Kd4 h5 54. Kxc4 f5 55. Kd4 h4 56. Ke3 Kxd5 57. Kf3 Kd4 58. Ke2 g4 59.
Kf2 f4 60. Ke2 Ke4 61. Kf2 h3 62. Kf1 Kf3 63. Kg1 g3 64. Kh1 Kg4 65. Kg1 f3 66.
Kh1 Kf4 67. Kg1 g2 0-1

[Event "12. Lichtenberger Sommer"]
[Site "Berlin"]
[Date "2013.08.19"]
[Round "3.113"]
[White "Krawatzki, Armin"]
[Black "Schmole-Rostosky, Joachim"]
[Result "0-1"]
[WhiteElo "1718"]
[BlackElo "1245"]
[PlyCount "77"]
[EventDate "2013.??.??"]
[WhiteTeam "SVG Läufer Reinickendorf e.V."]
[BlackTeam "SF Schwarz-Weiß Merzhausen"]

1. Nf3 e6 2. d4 h6 3. e3 Nf6 4. Bd3 d5 5. Nbd2 c5 6. c3 Nc6 7. O-O a6 8. Re1
Bd6 9. e4 dxe4 10. Nxe4 Nxe4 11. Bxe4 cxd4 12. Bxc6+ bxc6 13. Nxd4 Qc7 14. Nf3
O-O 15. Qc2 Bb7 16. g3 c5 17. Nh4 Qc6 18. f3 Rae8 19. Qe4 Qc7 20. Qe2 Bxg3 21.
hxg3 Qxg3+ 22. Ng2 Bxf3 23. Qf2 Qg4 24. Be3 f5 25. Kh2 f4 26. Bxc5 Rf5 27. Rh1
Rh5+ 28. Kg1 Rg5 29. Rh2 Bd5 30. Kh1 Rh5 31. Rxh5 Qxh5+ 32. Kg1 g5 33. b3 e5
34. c4 Bc6 35. Qf1 Qg4 36. Kh2 e4 37. Rd1 e3 38. Rd6 Qg3+ 39. Kg1 0-1

[Event "12. Lichtenberger Sommer"]
[Site "Berlin"]
[Date "2013.08.19"]
[Round "3.114"]
[White "Kammler, Hans-Joachim"]
[Black "Schrade, Ulrich"]
[Result "0-1"]
[WhiteElo "1487"]
[BlackElo "1528"]
[PlyCount "88"]
[EventDate "2013.??.??"]
[WhiteTeam "vereinslos"]
[BlackTeam "SV Trossingen"]

1. e4 Nf6 2. Nc3 d5 3. exd5 Nxd5 4. Nxd5 Qxd5 5. c4 Qa5 6. Nf3 Nc6 7. a3 Bg4 8.
Be2 e6 9. O-O h5 10. h3 Bf5 11. d4 Bh7 12. c5 b5 13. Bd2 Qa6 14. a4 Qb7 15.
Bxb5 a6 16. Bxc6+ Qxc6 17. Ne5 Qd5 18. Bc3 Bf5 19. Qf3 Be7 20. Qxd5 exd5 21.
Rfe1 g5 22. Nc6 Be6 23. Re5 g4 24. Rae1 gxh3 25. gxh3 Kd7 26. Nb4 Rag8+ 27. Kh2
c6 28. f4 Bh4 29. Rg1 Rxg1 30. Kxg1 Bg3 31. Nd3 Rg8 32. Rg5 Rxg5 33. fxg5 Bxh3
34. Ne5+ Bxe5 35. dxe5 Ke6 36. Kh2 Bg4 37. Kg3 Kf5 38. b4 Ke4 39. b5 cxb5 40.
c6 d4 41. Bd2 Kxe5 42. Bf4+ Ke4 43. axb5 axb5 44. Bd6 Kd5 0-1

[Event "12. Lichtenberger Sommer"]
[Site "Berlin"]
[Date "2013.08.19"]
[Round "3.115"]
[White "Bui, Bao Anh Le"]
[Black "Dittrich, Tom"]
[Result "1/2-1/2"]
[WhiteElo "1102"]
[BlackElo "1648"]
[PlyCount "74"]
[EventDate "2013.??.??"]
[WhiteTeam "Treptower SV 1949 e.V."]
[BlackTeam "SG Blau-Weiß Stadtilm"]

1. e4 c5 2. Nf3 d6 3. d4 cxd4 4. Nxd4 Nf6 5. Nc3 a6 6. Be2 e5 7. Nb3 Be7 8. O-O
Nbd7 9. Be3 b5 10. a3 Bb7 11. Bf3 O-O 12. Qd2 Rc8 13. Qe2 Nb6 14. Bxb6 Qxb6 15.
Rfd1 Rfd8 16. Rd3 a5 17. Qe3 Qxe3 18. Rxe3 b4 19. Nd5 Bxd5 20. exd5 bxa3 21.
Rxa3 Rxc2 22. h3 Rxb2 23. Nxa5 Rd2 24. Nc6 Re8 25. Kf1 Rb2 26. g4 Bf8 27. g5
Nd7 28. Reb3 Rxb3 29. Rxb3 Nc5 30. Rb8 Rxb8 31. Nxb8 f5 32. gxf6 gxf6 33. Bg4
Kg7 34. Bf5 h5 35. h4 Nb3 36. Nc6 Nc5 37. Ke2 Nb7 1/2-1/2

[Event "12. Lichtenberger Sommer"]
[Site "Berlin"]
[Date "2013.08.20"]
[Round "4.1"]
[White "Lerch, Philipp"]
[Black "Stern, Rene"]
[Result "1/2-1/2"]
[WhiteElo "2152"]
[BlackElo "2504"]
[PlyCount "56"]
[EventDate "2013.??.??"]
[WhiteTeam "SK König Tegel 1949 e.V."]
[BlackTeam "SK König Tegel 1949 e.V."]

1. e4 e5 2. Nf3 Nc6 3. Bb5 a6 4. Bxc6 dxc6 5. O-O Qf6 6. d4 exd4 7. Bg5 Qd6 8.
Nxd4 Be7 9. Bxe7 Nxe7 10. Nc3 Bd7 11. Qd2 c5 12. Nf3 Qxd2 13. Nxd2 O-O-O 14.
Rad1 Nc6 15. Nc4 Rhe8 16. Rfe1 Nd4 17. Ne3 g6 18. f3 Bc6 19. Nb1 Bd7 20. Nc3
Bc6 21. Nb1 h5 22. c3 Ne6 23. Rxd8+ Rxd8 24. Rd1 Re8 25. Kf2 Nf4 26. h4 Ba4 27.
b3 Bc6 28. Na3 b5 1/2-1/2

[Event "12. Lichtenberger Sommer"]
[Site "Berlin"]
[Date "2013.08.20"]
[Round "4.2"]
[White "Kalinitschew, Sergey"]
[Black "Rohde, Wolfgang"]
[Result "1-0"]
[WhiteElo "2442"]
[BlackElo "2171"]
[PlyCount "68"]
[EventDate "2013.??.??"]
[WhiteTeam "SC Kreuzberg e.V."]
[BlackTeam "SC Friesen Lichtenberg e.V."]

1. d4 Nf6 2. c4 e6 3. Nc3 Bb4 4. e3 O-O 5. Bd3 d5 6. Nf3 c5 7. O-O dxc4 8. Bxc4
Nc6 9. Bd3 Qe7 10. Ne4 cxd4 11. exd4 Nxe4 12. Bxe4 f5 13. Bc2 Qf7 14. Bb3 h6
15. a3 Ba5 16. Bf4 Rd8 17. Rc1 Kh7 18. Ne5 Nxe5 19. Bxe5 Bd7 20. Rc5 Bb6 21.
Rc3 Bc6 22. Rg3 Rg8 23. h4 Rad8 24. h5 Bd5 25. Re1 Bxb3 26. Qxb3 Rd5 27. Rg6
Bxd4 28. Bxd4 Rxd4 29. Rexe6 Qd7 30. Qe3 Rc8 31. Rxh6+ Kg8 32. Re7 Rc1+ 33.
Qxc1 Rd1+ 34. Kh2 Qxe7 1-0

[Event "12. Lichtenberger Sommer"]
[Site "Berlin"]
[Date "2013.08.20"]
[Round "4.3"]
[White "Hermannsdörfer, Frank"]
[Black "Von Herman, Ulf"]
[Result "0-1"]
[WhiteElo "2228"]
[BlackElo "2392"]
[PlyCount "80"]
[EventDate "2013.??.??"]
[WhiteTeam "SV 1861 Liebschwitz"]
[BlackTeam "SK König Tegel 1949 e.V."]

1. b3 d5 2. Bb2 c5 3. e3 Nc6 4. Bb5 Qb6 5. a4 Nf6 6. Nf3 a6 7. a5 Qc7 8. Be5
Qd8 9. Bxc6+ bxc6 10. d3 Bg4 11. h3 Bh5 12. Nbd2 Nd7 13. Bb2 f6 14. e4 e5 15.
Nf1 Bf7 16. Ne3 g6 17. Qe2 Bd6 18. Bc1 Bc7 19. Bd2 Nf8 20. c4 dxe4 21. dxe4 Rb8
22. Ra3 h5 23. Nd1 Ne6 24. Nb2 Qe7 25. Qd1 g5 26. Bc3 Bg6 27. Nd2 Kf7 28. h4
Rbd8 29. hxg5 fxg5 30. Qc1 g4 31. f3 Qg5 32. O-O Ke7 33. Qe1 g3 34. f4 Nxf4 35.
Nf3 Qg4 36. Qe3 Rd4 37. Bxd4 cxd4 38. Qd2 Bxe4 39. Qb4+ Kd8 40. Qe1 Nxg2 0-1

[Event "12. Lichtenberger Sommer"]
[Site "Berlin"]
[Date "2013.08.20"]
[Round "4.4"]
[White "Rehberg, Raphael"]
[Black "Petersen, Soren Boeck"]
[Result "1/2-1/2"]
[WhiteElo "2151"]
[BlackElo "2247"]
[PlyCount "30"]
[EventDate "2013.??.??"]
[WhiteTeam "SG Lok Brandenburg, Abt. Schach"]
[BlackTeam "Damhus Skakklub"]

1. e4 e6 2. d4 d5 3. Nc3 Bb4 4. e5 c5 5. Bd2 Nc6 6. Nb5 Bxd2+ 7. Qxd2 Nxd4 8.
Nxd4 cxd4 9. f4 Ne7 10. Nf3 Nc6 11. Nxd4 Nxd4 12. Qxd4 Qa5+ 13. c3 Bd7 14. Bd3
Rc8 15. O-O Qc5 1/2-1/2

[Event "12. Lichtenberger Sommer"]
[Site "Berlin"]
[Date "2013.08.20"]
[Round "4.5"]
[White "Ross, Chris N"]
[Black "Lassan, Christian"]
[Result "1-0"]
[WhiteElo "2240"]
[BlackElo "2102"]
[PlyCount "59"]
[EventDate "2013.??.??"]
[WhiteTeam "Schachgemeinschaft Niederkassel"]
[BlackTeam "BSV 63 Chemie Weißensee"]

1. d4 Nf6 2. Nf3 e6 3. c4 b6 4. g3 Bb7 5. Bg2 Be7 6. Nc3 d5 7. cxd5 Nxd5 8. O-O
O-O 9. Qc2 Na6 10. e4 Nxc3 11. bxc3 c5 12. Rd1 cxd4 13. cxd4 Nb4 14. Qb1 Rc8
15. Ne1 Rc4 16. Bb2 Qc8 17. Rd2 f5 18. a3 Na6 19. exf5 Rxf5 20. Bxb7 Qxb7 21.
Ng2 Qf3 22. Qf1 Ra4 23. Ne3 Rh5 24. Rc1 Bd6 25. Rc8+ Kf7 26. Nc4 Bc7 27. Ne5+
Bxe5 28. Qb5 Nc5 29. Qe8+ Kf6 30. Qf8+ 1-0

[Event "12. Lichtenberger Sommer"]
[Site "Berlin"]
[Date "2013.08.20"]
[Round "4.6"]
[White "McGowan, Daniel"]
[Black "Vogel, Robert"]
[Result "1/2-1/2"]
[WhiteElo "2116"]
[BlackElo "2256"]
[PlyCount "26"]
[EventDate "2013.??.??"]
[WhiteTeam "Sfrd. Berlin 1903 e.V."]
[BlackTeam "SG Pang-Rosenheim 1910 e.V."]

1. e4 Nc6 2. Nf3 d6 3. d4 Nf6 4. Nc3 g6 5. h3 Bg7 6. Be3 O-O 7. Be2 e5 8. O-O
Bd7 9. Qd2 Re8 10. dxe5 Nxe5 11. Nxe5 dxe5 12. Rfd1 Bc6 13. Bf3 Qxd2 1/2-1/2

[Event "12. Lichtenberger Sommer"]
[Site "Berlin"]
[Date "2013.08.20"]
[Round "4.7"]
[White "Kropman, Alexei"]
[Black "Gaerths, Ronny"]
[Result "1/2-1/2"]
[WhiteElo "2085"]
[BlackElo "2221"]
[PlyCount "43"]
[EventDate "2013.??.??"]
[WhiteTeam "SK König Tegel 1949 e.V."]
[BlackTeam "SG TT/Wiheil"]

1. e4 e6 2. d4 d5 3. e5 c5 4. c3 Bd7 5. Nf3 Nc6 6. a3 c4 7. Nbd2 f6 8. exf6
Nxf6 9. g3 Bd6 10. Bg2 O-O 11. O-O e5 12. dxe5 Bxe5 13. Nxe5 Nxe5 14. b3 Bg4
15. Qc2 Be2 16. bxc4 dxc4 17. Re1 Bd3 18. Qb2 Nfg4 19. Qxb7 Qf6 20. f4 Nf7 21.
Nf3 Qxc3 22. Bb2 1/2-1/2

[Event "12. Lichtenberger Sommer"]
[Site "Berlin"]
[Date "2013.08.20"]
[Round "4.8"]
[White "Rabiega, Robert"]
[Black "Hahlbohm, Matthias"]
[Result "1-0"]
[WhiteElo "2506"]
[BlackElo "2115"]
[PlyCount "79"]
[EventDate "2013.??.??"]
[WhiteTeam "SK König Tegel 1949 e.V."]
[BlackTeam "TSG Oberschöneweide e.V."]

1. e4 d6 2. d4 Nf6 3. Bd3 Nc6 4. c3 e5 5. d5 Ne7 6. Ne2 g6 7. h3 Bg7 8. g4 O-O
9. Ng3 c6 10. c4 b5 11. g5 Nd7 12. dxc6 Nxc6 13. cxb5 Nd4 14. Nc3 Nc5 15. Bc4
a6 16. bxa6 Bxa6 17. Bxa6 Rxa6 18. Be3 Qd7 19. Kf1 f5 20. gxf6 Bxf6 21. Kg2 Qb7
22. b3 Nce6 23. Nd5 Bg7 24. Qd3 Nf3 25. Qc4 Nh4+ 26. Kf1 Kh8 27. Rc1 Nf4 28.
Rc2 Nhg2 29. Bxf4 Nxf4 30. Ne2 Raa8 31. Qb4 Qa6 32. Qc4 Qb7 33. Nexf4 exf4 34.
Qd3 Rac8 35. Rxc8 Qxc8 36. Qf3 Qa6+ 37. Kg2 Rc8 38. a4 Be5 39. Rd1 Qa5 40. Nxf4
1-0

[Event "12. Lichtenberger Sommer"]
[Site "Berlin"]
[Date "2013.08.20"]
[Round "4.10"]
[White "Kollberg, Lothar"]
[Black "Brüdigam, Martin"]
[Result "0-1"]
[WhiteElo "2214"]
[BlackElo "2312"]
[PlyCount "62"]
[EventDate "2013.??.??"]
[WhiteTeam "SC Rotation Pankow e.V."]
[BlackTeam "USV Potsdam e.V., Abt. Schach"]

1. d4 Nf6 2. c4 g6 3. g3 c6 4. Bg2 d5 5. Nf3 Bg7 6. O-O O-O 7. Nc3 dxc4 8. e4
b5 9. Re1 Na6 10. Ne5 Bb7 11. a4 Nc7 12. Be3 Nd7 13. Ng4 h5 14. Nh6+ Kh7 15.
Qd2 e5 16. d5 b4 17. Na2 Nb6 18. a5 c3 19. bxc3 Nc4 20. Nxf7 Rxf7 21. Qe2 Nxe3
22. dxc6 Nxg2 23. cxb7 Nxe1 24. bxa8=Q Nxa8 25. Qxe1 Qxa5 26. Nxb4 Qc5 27. Ra6
Nb6 28. h4 Qc4 29. Qa1 Qe2 30. Ra2 Qf3 31. Nc6 Rd7 0-1

[Event "12. Lichtenberger Sommer"]
[Site "Berlin"]
[Date "2013.08.20"]
[Round "4.12"]
[White "Moritz, Aron"]
[Black "Heuser, Philip"]
[Result "1-0"]
[WhiteElo "2193"]
[BlackElo "2123"]
[PlyCount "85"]
[EventDate "2013.??.??"]
[WhiteTeam "Sfrd. Berlin 1903 e.V."]
[BlackTeam "SG Heidelberg-Kirchheim"]

1. e4 c6 2. Nf3 d5 3. Nc3 dxe4 4. Nxe4 Nf6 5. Nxf6+ gxf6 6. d4 Rg8 7. c3 Qc7 8.
Qc2 Rg7 9. g3 Bg4 10. Nh4 c5 11. Bh6 cxd4 12. Bxg7 Bxg7 13. Bb5+ Kf8 14. O-O
Qe5 15. Bc4 dxc3 16. Qxh7 e6 17. bxc3 Nc6 18. Qc2 f5 19. Rab1 Na5 20. Qa4 b6
21. Rfe1 Qc5 22. Bf1 Qxc3 23. Qd7 Qc6 24. Qd3 Qc3 25. Qd7 Qc6 26. Qd2 Qc3 27.
Qd6+ Kg8 28. Rbc1 Qb2 29. Bg2 Rf8 30. h3 Bh5 31. Qf4 Qd4 32. Qg5 Bg6 33. Nxg6
fxg6 34. Rxe6 Rf6 35. Rc8+ Kh7 36. Rxf6 Bxf6 37. Rc7+ Bg7 38. Qc1 a6 39. Bf1 b5
40. Qc2 Kh6 41. Qc1+ Kh7 42. h4 Qd5 43. Qc3 1-0

[Event "12. Lichtenberger Sommer"]
[Site "Berlin"]
[Date "2013.08.20"]
[Round "4.13"]
[White "Rietze, Clemens"]
[Black "Cusnariov, Nikolai"]
[Result "1/2-1/2"]
[WhiteElo "2273"]
[BlackElo "2154"]
[PlyCount "88"]
[EventDate "2013.??.??"]
[WhiteTeam "USV Potsdam e.V., Abt. Schach"]
[BlackTeam "USV Potsdam e.V., Abt. Schach"]

1. e4 e6 2. d4 d5 3. Nc3 dxe4 4. Nxe4 Nd7 5. Nf3 Ngf6 6. Nxf6+ Nxf6 7. c3 Be7
8. Qa4+ c6 9. Be2 O-O 10. O-O Qc7 11. Bg5 b6 12. Ne5 Bb7 13. Bf3 Rac8 14. Rad1
Rfd8 15. Rfe1 a6 16. Qb3 c5 17. Bxb7 Qxb7 18. dxc5 Bxc5 19. Qa4 Rxd1 20. Rxd1
Qe4 21. Qxe4 Nxe4 22. Be3 Bxe3 23. fxe3 f6 24. Ng4 Rc7 25. Nf2 Nc5 26. Rd6 Na4
27. Rxe6 Nxb2 28. Rxb6 Rxc3 29. Rxb2 Rc1+ 30. Nd1 Rxd1+ 31. Kf2 Kf7 32. Ke2 Rd6
33. Rb7+ Kg6 34. g4 Rd5 35. a4 h5 36. h3 hxg4 37. hxg4 Rd6 38. Kf3 Rd5 39. Kf4
Rc5 40. Rb4 Re5 41. Rd4 Kf7 42. Rd7+ Kg6 43. e4 Ra5 44. Rd4 Rc5 1/2-1/2

[Event "12. Lichtenberger Sommer"]
[Site "Berlin"]
[Date "2013.08.20"]
[Round "4.14"]
[White "Millward, Kevin P"]
[Black "Reichenbach, Werner"]
[Result "0-1"]
[WhiteElo "1920"]
[BlackElo "2279"]
[PlyCount "70"]
[EventDate "2013.??.??"]
[WhiteTeam "Athenaeum Chess Club London"]
[BlackTeam "Schachclub Oberkrämer"]

1. d3 d5 2. g3 Nf6 3. Bg2 g6 4. Nd2 Bg7 5. e4 c5 6. Ngf3 O-O 7. O-O Nc6 8. c3
e6 9. Re1 a5 10. a4 b6 11. e5 Nd7 12. d4 cxd4 13. cxd4 f6 14. Bh3 Re8 15. exf6
Nxf6 16. Nb1 Ne4 17. Nc3 Bb7 18. Nxe4 dxe4 19. Rxe4 Qd5 20. Ng5 h6 21. Bg2 hxg5
22. Re5 Qxg2+ 23. Kxg2 Nxe5+ 24. Kf1 Nf3 25. Be3 Nxh2+ 26. Kg1 Nf3+ 27. Kf1 Bd5
28. Qd3 Kf7 29. Rc1 Rec8 30. Rc3 Bf6 31. Qb5 Be7 32. Qxb6 Rcb8 33. Qc7 Rb7 34.
Qxb7 Bxb7 35. Rc7 Bd5 0-1

[Event "12. Lichtenberger Sommer"]
[Site "Berlin"]
[Date "2013.08.20"]
[Round "4.15"]
[White "Hertwig, Christopher"]
[Black "Schneider, Christian"]
[Result "1/2-1/2"]
[WhiteElo "2052"]
[BlackElo "2221"]
[PlyCount "84"]
[EventDate "2013.??.??"]
[WhiteTeam "SK König Tegel 1949 e.V."]
[BlackTeam "SG Blau-Weiß Stadtilm"]

1. c4 Nf6 2. g3 e6 3. Bg2 d5 4. Nf3 Be7 5. O-O O-O 6. b3 c5 7. Bb2 Nc6 8. e3
dxc4 9. bxc4 Qc7 10. Nc3 Rd8 11. Qe2 a6 12. d4 cxd4 13. exd4 Na5 14. c5 Bd7 15.
Bc1 Bc6 16. Bf4 Qc8 17. Rfd1 Nd5 18. Nxd5 Bxd5 19. Rab1 Bf6 20. Be5 Bxe5 21.
Nxe5 Bxg2 22. Kxg2 Nc6 23. Nf3 Rd7 24. Qe4 Qd8 25. Rb6 Rc8 26. h4 h6 27. g4 Qf6
28. Ne5 Rd5 29. Nxc6 bxc6 30. Rxa6 Qxh4 31. Ra7 h5 32. Qf3 Qxg4+ 33. Qxg4 hxg4
34. a4 e5 35. a5 exd4 36. a6 d3 37. Rb7 Ra8 38. a7 Kh7 39. Rxf7 Kg6 40. Rc7 d2
41. Rxc6+ Kf5 42. Rd6 Rxd6 1/2-1/2

[Event "12. Lichtenberger Sommer"]
[Site "Berlin"]
[Date "2013.08.20"]
[Round "4.16"]
[White "Simon, Ralf-Axel"]
[Black "Schleich, Theodor"]
[Result "1-0"]
[WhiteElo "2194"]
[BlackElo "2051"]
[PlyCount "69"]
[EventDate "2013.??.??"]
[WhiteTeam "TSG Neuruppin"]
[BlackTeam "SK Siemens München"]

1. c4 b6 2. Nc3 Bb7 3. e4 e6 4. Nge2 Nf6 5. d3 c5 6. g3 Nc6 7. Bg2 d6 8. O-O
Be7 9. h3 Qd7 10. Be3 O-O 11. f4 Rad8 12. Bf2 Qc7 13. g4 h6 14. Rc1 Qb8 15. Bf3
Nh7 16. h4 g5 17. hxg5 hxg5 18. f5 Ne5 19. Ng3 Nf6 20. Be3 d5 21. Bxg5 Nxd3 22.
Bh4 dxe4 23. Bg2 Nxc1 24. Qxc1 e3 25. Qxe3 Bxg2 26. Qg5+ Kh7 27. Nh5 Rg8 28.
Nxf6+ Bxf6 29. Qh5+ Kg7 30. Bxf6+ Kxf6 31. fxe6+ Bxf1 32. Qxf7+ Ke5 33. Qf5+
Kd6 34. Nb5+ Kc6 35. Qe4+ 1-0

[Event "12. Lichtenberger Sommer"]
[Site "Berlin"]
[Date "2013.08.20"]
[Round "4.17"]
[White "Kornrumpf, Joachim"]
[Black "Sawlin, Leonid"]
[Result "0-1"]
[WhiteElo "2084"]
[BlackElo "2021"]
[PlyCount "50"]
[EventDate "2013.??.??"]
[WhiteTeam "Preetzer TSV"]
[BlackTeam "TuS Makkabi Berlin e.V."]

1. b3 d5 2. e3 e5 3. Bb2 Nd7 4. Nf3 Bd6 5. c4 c6 6. Nc3 Ngf6 7. cxd5 cxd5 8.
Nb5 Bb8 9. Ba3 Nb6 10. Qc2 a6 11. Bc5 Bg4 12. Nc3 Qc7 13. d4 Nbd7 14. dxe5 Qxc5
15. exf6 Bxf3 16. fxg7 Rg8 17. gxf3 Be5 18. Rc1 Rc8 19. Kd2 d4 20. Qxh7 dxc3+
21. Kc2 Rxg7 22. Qh8+ Qf8 23. Qh5 Qa3 24. Bh3 Qxa2+ 25. Kd3 Nc5+ 0-1

[Event "12. Lichtenberger Sommer"]
[Site "Berlin"]
[Date "2013.08.20"]
[Round "4.18"]
[White "Kupfer, Michael"]
[Black "Meister, Jakob"]
[Result "0-1"]
[WhiteElo "2018"]
[BlackElo "2517"]
[PlyCount "50"]
[EventDate "2013.??.??"]
[WhiteTeam "SC Friesen Lichtenberg e.V."]
[BlackTeam "SK Zehlendorf e.V."]

1. e4 c5 2. d4 cxd4 3. c3 dxc3 4. Nxc3 Nc6 5. Nf3 e6 6. Bc4 d6 7. O-O Be7 8.
Qe2 Na5 9. Bb5+ Bd7 10. Rd1 Nc6 11. Bf4 e5 12. Be3 Nf6 13. Bg5 a6 14. Ba4 O-O
15. Qd2 Ne8 16. Bxe7 Qxe7 17. Nd5 Qd8 18. b4 Bg4 19. Rac1 Bxf3 20. gxf3 Nd4 21.
Qe3 Nf6 22. Rxd4 exd4 23. Qxd4 Nxe4 24. Qe3 Ng5 25. Kg2 Ne6 0-1

[Event "12. Lichtenberger Sommer"]
[Site "Berlin"]
[Date "2013.08.20"]
[Round "4.19"]
[White "Thorarinsson, Pall A"]
[Black "Giannino, Domenico"]
[Result "1-0"]
[WhiteElo "2222"]
[BlackElo "1989"]
[PlyCount "109"]
[EventDate "2013.??.??"]
[WhiteTeam "Athenaeum Chess Club London"]
[BlackTeam "Spgem Kötz/Ichenhausen"]

1. d4 d5 2. c4 c6 3. Nf3 Nf6 4. Nc3 e6 5. Bg5 dxc4 6. e4 b5 7. e5 h6 8. Bh4 g5
9. Nxg5 hxg5 10. Bxg5 Nbd7 11. exf6 Bb7 12. Be2 Qb6 13. O-O O-O-O 14. a4 b4 15.
Ne4 c5 16. Nd2 Bh6 17. Nxc4 Qc7 18. Bxh6 Rxh6 19. f4 Nxf6 20. Bf3 Rxd4 21.
Bxb7+ Kb8 22. Qe2 Kxb7 23. Ne5 Nd5 24. Qb5+ Qb6 25. Nxf7 Qxb5 26. axb5 Rg6 27.
Ne5 Rg8 28. Nd7 Nxf4 29. Nxc5+ Kb6 30. Nb3 Rc4 31. g3 Ne2+ 32. Kh1 Rc2 33. Rf6
Rh8 34. Rxe6+ Kb7 35. Nc5+ Ka8 36. b6 Nxg3+ 37. Kg1 Rxc5 38. Rxa7+ Kb8 39. hxg3
Rb5 40. Rae7 b3 41. Re8+ Rxe8 42. Rxe8+ Kb7 43. Re3 Kxb6 44. Kf2 Ka5 45. Ke2
Kb4 46. Kd3 Rc5 47. g4 Kb5 48. Re2 Rg5 49. Rg2 Kb4 50. Ke4 Rg8 51. g5 Re8+ 52.
Kf5 Rf8+ 53. Ke6 Rc8 54. g6 Rc2 55. Rg4+ 1-0

[Event "12. Lichtenberger Sommer"]
[Site "Berlin"]
[Date "2013.08.20"]
[Round "4.20"]
[White "Friedrich, Wiede"]
[Black "Keusch, Horst"]
[Result "1-0"]
[WhiteElo "2253"]
[BlackElo "2021"]
[PlyCount "37"]
[EventDate "2013.??.??"]
[WhiteTeam "USV Potsdam e.V., Abt. Schach"]
[BlackTeam "SC Friesen Lichtenberg e.V."]

1. e4 g6 2. d4 c6 3. Nc3 d5 4. e5 Nh6 5. Nf3 Bg7 6. Bd3 O-O 7. Bf4 f6 8. Qd2
Nf7 9. O-O-O b5 10. h4 Bg4 11. Rde1 Bxf3 12. exf6 exf6 13. gxf3 Nd7 14. Re6 b4
15. Ne2 c5 16. h5 g5 17. h6 Bh8 18. Bxh7+ Kxh7 19. Qd3+ 1-0

[Event "12. Lichtenberger Sommer"]
[Site "Berlin"]
[Date "2013.08.20"]
[Round "4.22"]
[White "Costello, Colin"]
[Black "Lorenz, Sascha"]
[Result "0-1"]
[WhiteElo "1931"]
[BlackElo "2283"]
[PlyCount "72"]
[EventDate "2013.??.??"]
[WhiteTeam "SC Weisse Dame e.V."]
[BlackTeam "SK König Tegel 1949 e.V."]

1. c4 c5 2. Nc3 Nf6 3. Nf3 Nc6 4. d4 cxd4 5. Nxd4 e6 6. g3 Qb6 7. Nb3 Ne5 8.
Bg2 Nxc4 9. e4 Bb4 10. O-O Bxc3 11. bxc3 d6 12. Qe2 Qc7 13. Rd1 O-O 14. Nd2 Nb6
15. Ba3 Rd8 16. c4 e5 17. Rac1 Na4 18. Nb3 b6 19. Qd2 Bb7 20. Bxd6 Qc6 21. Qb4
a5 22. Qb5 Rxd6 23. Rxd6 Qxd6 24. Qxa4 Bc6 25. c5 Bxa4 26. cxd6 Ne8 27. f4 f6
28. Rd1 Rd8 29. fxe5 fxe5 30. Rd5 Rxd6 31. Rxe5 Nf6 32. Bf1 Rd1 33. Kg2 Bc6 34.
Bc4+ Kf8 35. Bd5 Bxd5 36. exd5 a4 0-1